000 00560nam a22001817a 4500
999 _c175665
_d175665
005 20200914123425.0
010 _aENG-128428
020 _c260.00
_a9789389604856
035 _aEN-111960
037 _bDBAD/PUB
082 _a261.55
100 _aMasilamani, V.
245 _aA Scientific Religion/
_cby Dr. V Masilamani
260 _aChennai
_bBUUKS
_c2019
270 _aJVL Plaza, 4th Floor, 501, Anna Salai Teynampet,
_bChennai
_e600 018
_k044-4992727
_mhello@buuks.com
300 _axi;200p.
_c20cm(pbk)
942 _2ddc
_cEN
_h261.55
_mMAS